Cheerleading Stunting - Statistics

General Stats
  • This quiz has been taken 217 times
  • The average score is 10 of 15
Answer Stats
Hint Answer % Correct
stunt position in the back back spot
93%
stunt position in the air flyer
91%
stunt position on the side side base
88%
stunt position in the front front spot
86%
stunt position on the side main base
86%
one leg up stunt lib
85%
basic stunt prep
82%
one leg straight out behind arabesque
62%
catch out of stunt cradle
62%
one leg in front of body heel stretch
59%
stunt position not touching spotter
52%
type of stunt one person holding person in the air one-man
47%
one leg bent behind scale
47%
one leg raised higher than other-both legs held hitch
25%
answer from above but higher extention
24%
No matching quizzes found
Score Distribution
Percent of People with Each Score
Percentile by Number Answered
Your Score History
You have not taken this quiz